000 00275nam a2200121Ia 4500
008 190216s9999||||xx |||||||||||||| ||und||
100 _aNanda Kishore Vikram
245 0 _aHindi-Ghalib
260 _bSahithya Bharathi
_c2005
300 _a272
650 _aHindi
942 _cBK
999 _c16423
_d16423